=LDR 00000nam 2200000 4500 =001 NUTBA000000000001872 =005 20140522110653.0 =006 =007 =008 =035 ##$$a 0010-051400000000337 =082 ##$$a 345.02 =090 ##$$a 345.02 Rom a =100 ##$$a TIM Analisis dan Evaluasi =245 ##$$a Analisis dan Evaluasi Peraturan Perundang-Undangan tentang Pemberantasan Tindak Pidanan... =260 ##$$a Jakarta $b Badan Pembinaan Hukum NAsional $c 2012 =300 ##$$a viii, 137 hlm $c 21 cm =990 ##$$a 21400613/BPAP-NTB/20142014